<?xml version="1.0" encoding="UTF-8"?>
<record
    xmlns:xsi="http://www.w3.org/2001/XMLSchema-instance"
    xsi:schemaLocation="http://www.loc.gov/MARC21/slim http://www.loc.gov/standards/marcxml/schema/MARC21slim.xsd"
    xmlns="http://www.loc.gov/MARC21/slim">

  <leader>00620nam a2200193   4500</leader>
  <controlfield tag="001">86416</controlfield>
  <controlfield tag="003">BD-RjUL</controlfield>
  <controlfield tag="005">20260503133552.0</controlfield>
  <controlfield tag="008">260503s1970    pk ||||| |||| 00| 0 urd d</controlfield>
  <datafield tag="035" ind1=" " ind2=" ">
    <subfield code="a">(BD-RjUL)86416</subfield>
  </datafield>
  <datafield tag="040" ind1=" " ind2=" ">
    <subfield code="a">BD-RjUL</subfield>
    <subfield code="b">eng</subfield>
    <subfield code="c">BD-RjUL</subfield>
  </datafield>
  <datafield tag="082" ind1=" " ind2=" ">
    <subfield code="2">23</subfield>
    <subfield code="a">491.439143</subfield>
    <subfield code="b">ANU 1970</subfield>
  </datafield>
  <datafield tag="100" ind1=" " ind2=" ">
    <subfield code="a">&#x627;&#x646;&#x648;&#x627;&#x631; &#x627;&#x644;&#x62D;&#x642;&#x60C;  &#x633;&#x6CC;&#x62F; ;; Anwarul Haq, Syed</subfield>
    <subfield code="9">18306</subfield>
  </datafield>
  <datafield tag="245" ind1=" " ind2=" ">
    <subfield code="a">&#x200F;&#x627;&#x631;&#x62F;&#x648; &#x67E;&#x634;&#x62A;&#x648; &#x644;&#x63A;&#x627;&#x62A; /&#x200F; / Urd&#x16B; Pashto lugh&#x101;t /</subfield>
    <subfield code="c">&#x633;&#x6CC;&#x62F; &#x627;&#x646;&#x648;&#x627;&#x631; &#x627;&#x644;&#x62D;&#x642; ;; Syed Anwarul Haq</subfield>
  </datafield>
  <datafield tag="260" ind1=" " ind2=" ">
    <subfield code="a">Lahore :</subfield>
    <subfield code="b">Markaji urdu board, </subfield>
    <subfield code="c">1970</subfield>
  </datafield>
  <datafield tag="300" ind1=" " ind2=" ">
    <subfield code="a">V. ;</subfield>
    <subfield code="c">22 cm</subfield>
  </datafield>
  <datafield tag="505" ind1=" " ind2=" ">
    <subfield code="t">Vol. 1. &#x627;-&#x688; </subfield>
  </datafield>
  <datafield tag="942" ind1=" " ind2=" ">
    <subfield code="2">ddc</subfield>
    <subfield code="c">REF</subfield>
  </datafield>
  <datafield tag="999" ind1=" " ind2=" ">
    <subfield code="c">86416</subfield>
    <subfield code="d">86416</subfield>
  </datafield>
  <datafield tag="952" ind1=" " ind2=" ">
    <subfield code="0">0</subfield>
    <subfield code="1">0</subfield>
    <subfield code="2">ddc</subfield>
    <subfield code="4">0</subfield>
    <subfield code="7">1</subfield>
    <subfield code="8">REF</subfield>
    <subfield code="a">RUCL</subfield>
    <subfield code="b">RUCL</subfield>
    <subfield code="c">Rare</subfield>
    <subfield code="d">2026-05-03</subfield>
    <subfield code="g">19.00</subfield>
    <subfield code="l">0</subfield>
    <subfield code="o">U / R  491.439143 ANU V-1 1970</subfield>
    <subfield code="r">2026-05-03 13:30:00</subfield>
    <subfield code="t">C-1</subfield>
    <subfield code="w">2026-05-03</subfield>
    <subfield code="y">BK</subfield>
  </datafield>
</record>
